Central Library OPAC University of Rajshahi
Normal view MARC view

Entry Geographic Name

Number of records used in: 2

001 - CONTROL NUMBER

  • control field: 16890

003 - CONTROL NUMBER IDENTIFIER

  • control field: BD-RjUL

005 - DATE AND TIME OF LATEST TRANSACTION

  • control field: 20250915153036.0

008 - FIXED-LENGTH DATA ELEMENTS

  • fixed length control field: 250915|| aca||aabn | a|a d

040 ## - CATALOGING SOURCE

  • Original cataloging agency: BD-RjUL
  • Transcribing agency: BD-RjUL

151 ## - HEADING--GEOGRAPHIC NAME

  • Geographic name: Poland
  • General subdivision: Foreign relations
  • Geographic subdivision: Germany

670 ## - SOURCE DATA FOUND

  • Source citation: Work cat.: (BD-RjUL)85714: Great Britain. Foreign Office. 16888, Documents concerning German-Polish relations and the outbreak of hostilities between Great Britain and Germany on September 3, 1939., 1939.